000 00658nam a2200229Ia 4500
003 OSt
005 20220925205800.0
006 a|||||r|||| 00| 0
007 ta
008 220923b |||||||| |||| 00| 0 eng d
037 _cGeneral Book
040 _aRTL
_cRTL
_beng
041 _2eng
_aeng
082 _aX6xM83:g, M5
100 _aEichner Alfred S
_9248260
245 0 _aToward a new economics
_b Essays in post keynesian
260 _aHoundmills
_bMacmillan
_c1985
300 _aix,240p Bib p 219-29
_ccm.
650 _aKeynes
_9231657
942 _hX6xM83:g, M5
_cGB
_2CC
999 _c553182
_d553182